| 000 | 01209cam a22002054a 4500 | ||
|---|---|---|---|
| 005 | 20250605163958.0 | ||
| 008 | 250528s ||||||||||||||||||||||||d | ||
| 035 | _a15536 | ||
| 020 | _a471870994 | ||
| 040 |
_aGR-AtMCL _bgre _dGR-AtMCL _eAACR2 |
||
| 245 | 1 | _aResearch Methods for Managers / A Skill-Building Approach | |
| 260 |
_bJohn Wiley & Sons, Ltd, _c1984 |
||
| 300 | _a338 | ||
| 505 | 0 | _aIntroduction to Research, The Research Process: Steps 1 to 3 - Steps 4 to 6, Experimental Designs, Measurement of Variables and Data-Collection Methods, Sampling, Data Analysis and Interpretation, The Research Report, Natural Supermarket: A Study of the Factors that Enhance the Organizational Commitment of Employees, Concluding Note, Glossary, Index. | |
| 520 | _aIntroduction to Research, The Research Process: Steps 1 to 3 - Steps 4 to 6, Experimental Designs, Measurement of Variables and Data-Collection Methods, Sampling, Data Analysis and Interpretation, The Research Report, Natural Supermarket: A Study of the Factors that Enhance the Organizational Commitment of Employees, Concluding Note, Glossary, Index. | ||
| 700 | 1 |
_aSekaran Uma _91490 |
|
| 942 | _cBK | ||
| 999 |
_c1111 _d1111 |
||